00711nam a2200217 i 4500001000400000245009400004260004500098300003700143505005800180650002200238700003300260700002500293020002100318040000800339041000800347920002400355942000700379008004100386999001700427952004900444bgj00aEssential articles :bthe journalism file /cedited by Christine Shepherd and Chas White. aCarlisle, England :bCarel Press,c1992. a374 pp :bill., photos ;c31 cm. aIncludes cross references, index and teacher's notes. 9aEssays in English1 aSHEPHERD, Christine.eeditor1 aWHITE, Chas.eeditor a1872365124 (hbk) cBPK0 aeng a1-872365-12-4 (hbk) cKS s uk f |000 0 eng  c50151d50151 00104070aBPKbBPKcwoBR 51p09055711yKS